00256nam a2200109Ia 45000010005000000080041000050200009000460820026000551000018000812450014000992600033001131617241024s9999 xx 000 0 und d a1003 a[*SIN CLASIFICACION*] a[*SIN AUTOR*] 0aChina Hoy b1949- ): Editorial China Hoy